KOHA-Header-6

Sherlock Holmes (Record no. 7289)

000 -LEADER
fixed length control field 00244nam a2200109Ia 4500
100 ## - MAIN ENTRY--AUTHOR NAME
Personal name Conan Doyle
245 #0 - TITLE STATEMENT
Title Sherlock Holmes
260 ## - PUBLICATION, DISTRIBUTION, ETC. (IMPRINT)
Place of publication Karachi
Name of publisher Oxford
Year of publication 1996
300 ## - PHYSICAL DESCRIPTION
Number of Pages 88
942 ## - ADDED ENTRY ELEMENTS (KOHA)
Koha item type Books
Holdings
Withdrawn status Lost status Collection code Permanent Location Current Location Shelving location Date acquired Full call number Accession Number Koha item type
      MAJU MAJU Shelf No.A23 2019-09-12 823.8 1097 English Literature

Powered by Koha